00575nam a2200133Ia 4500008004100000100002500041245013500066260003300201300001800234650001200252856008500264999001900349952007300368160712s9999 xx 000 0 und d aOracion, Enrique G.  cEnrique G. OracionaMining or Tourism: The Development Preference of Settlers Along Pagatban River in Negros Oriental, Philippines c2015bSocial Science Diliman avol. 11 no. 1 xTOURISM uhttp://journals.upd.edu.ph/index.php/socialsciencediliman/issue/view/477/showToc c297123d297123 001040aCLbCLd2016-07-12l0r2016-07-12 00:00:00w2016-07-12yFEJ